Statistics for Least Populous World Capital Cities

Click here to take the quiz!

General Stats

  • This quiz has been taken 214 times
    (105 since last reset)
  • The average score is 13 of 20

Answer Stats

Capital cityPopulation% Correct
Vatican City826
98%
San Marino4,493
85%
Vaduz5,248
79%
Andorra la Vella22,884
75%
Yaren1,100
74%
St. John's22,679
69%
Basseterre13,043
65%
Ngerulmud391
65%
Palikir9,900
65%
Valletta6,315
65%
Nukuʻalofa22,400
64%
Funafuti4,492
63%
Majuro25,400
63%
Roseau14,847
62%
St. George's7,500
62%
Victoria29,298
60%
Tarawa30,000
49%
Bandar Seri Begawan28,135
39%
Belmopan12,300
37%
Banjul34,828
21%

Score Distribution

Percentile by Number Answered

Percent of People with Each Score

Your Score History

You have not taken this quiz since the last reset